|
|
|
|
| LEADER |
00850nab a2200205 i 4500 |
| 001 |
acta563 |
| 005 |
20220621153508.0 |
| 008 |
161015s2001 hu o 0|| spa d |
| 022 |
|
|
|a 1416-7263
|
| 040 |
|
|
|a SZTE Egyetemi Kiadványok Repozitórium
|b hun
|
| 041 |
|
|
|a spa
|
| 100 |
2 |
|
|a Llosa Sanz Álvaro
|
| 245 |
1 |
0 |
|a Voz y fantasía - búsqueda de universos imaginarios y la conquista de la ficción en algunas escritoras españolas contemporáneas
|h [elektronikus dokumentum] /
|c Llosa Sanz Álvaro
|
| 260 |
|
|
|a Universidad "József Attila", Departamento de Estudios Hispánicos
|b Szeged
|c 2001
|
| 300 |
|
|
|a 87-98
|
| 490 |
0 |
|
|a Acta hispanica
|v 6
|
| 650 |
|
4 |
|a Bölcsészettudományok
|
| 650 |
|
4 |
|a Nyelvek és irodalom
|
| 695 |
|
|
|a Spanyol irodalom története - 20-21. sz.
|
| 856 |
4 |
0 |
|u http://acta.bibl.u-szeged.hu/563/1/hisp_006_087-098.pdf
|z Dokumentum-elérés
|